| 000 | 00722cab a2200217 4500 | ||
|---|---|---|---|
| 001 | WB2808-22 | ||
| 008 | 090401t1992 xxu||||| |||| 00| 0 eng d | ||
| 035 | _a(Sirsi) u39397 | ||
| 041 | _aeng | ||
| 245 | _aLocal land charges form - change in fees | ||
| 260 | _c1992 | ||
| 350 | _a0 | ||
| 490 |
_aOyez Forms Information Service _v(3) February 1992 (2) |
||
| 520 | _aAnnounces amended Local Land Charges Form LLCI available from 1 March 1992. Incorporates the fee increases introduced by Local Land Charges (Amendment) Rules 1992 (SI 1992:194) | ||
| 650 | _aCONVEYANCING | ||
| 650 | _aLOCAL LAND CHARGES AMENDMENT RULES 1992 | ||
| 650 | _aLOCAL SEARCHES | ||
| 690 | _aLAND | ||
| 942 | _n0 | ||
| 948 | _c04/03/1997 | ||
| 999 |
_c25295 _d25295 |
||